Industrialisierungsbemühungen arabischer OPEC-Staaten Rückwirkungen auf die Bundesrepublik
Gespeichert in:
| 1. Verfasser: | |
|---|---|
| Weitere Verfasser: | |
| Format: | Buch |
| Sprache: | Deutsch |
| Veröffentlicht: |
Tübingen
Mohr
1986
|
| Ausgabe: | 1. Aufl. |
| Schriftenreihe: | Kieler Studien
200 |
| Tags: |
Keine Tags, Fügen Sie das erste Tag hinzu!
|
MARC
| LEADER | 00000nam a2200000 4500 | ||
|---|---|---|---|
| 001 | c038479 | ||
| 005 | 20221220071644.0 | ||
| 041 | 0 | |a ger | |
| 044 | |a DE | ||
| 245 | 1 | 0 | |a Industrialisierungsbemühungen arabischer OPEC-Staaten |b Rückwirkungen auf die Bundesrepublik |c Hugo Dicke, Hans H. Glismann |
| 250 | |a 1. Aufl. | ||
| 264 | 1 | |a Tübingen |b Mohr |c 1986 | |
| 300 | |a 138 s. | ||
| 490 | 1 | |a Kieler Studien |v 200 | |
| 830 | 0 | |a Kieler Studien |v 200 | |
| 100 | 1 | |a Dicke, Hugo | |
| 700 | 1 | |a Glismann, Hans H. | |